000 00637nam a2200241Ia 4500
003 OSt
005 20220926013153.0
006 a|||||r|||| 00| 0
007 ta
008 220923b |||||||| |||| 00| 0 eng d
037 _cGeneral Book
040 _aRTL
_cRTL
_beng
041 _2eng
_aeng
082 _aY7, K6
100 _aComfort Alex
_9120872
245 0 _aThe Nature of human nature
260 _aNew York
_bHarper and Row USA
_c1966
300 _a222p
_ccm.
500 _aBibliography: P 215-16; Index:P217-22
650 _aRace
942 _hY7, K6
_cGB
_2CC
999 _c625325
_d625325